| 000 | 01656cac a22004215a 4500 | ||
|---|---|---|---|
| 001 | 12591102 | ||
| 003 | EG-ScBUE | ||
| 005 | 20220327114213.0 | ||
| 008 | 011116t2001 nyu f b 000 f eng d | ||
| 020 | _a0375413316 | ||
| 020 | _a9780375413315 | ||
| 035 | _a(OCoLC)ocm48175407 | ||
| 040 |
_aJCL _beng _erda _cJCL _dDIV _dEG-ScBUE _dDLC _dEG-ScBUE |
||
| 041 | 1 |
_aeng _hara |
|
| 082 | 0 | 4 |
_a892.736 _222 _bMAH |
| 100 | 1 |
_aMahfuz, Najib, _d1911-2006, _eauthor. _924093 |
|
| 245 | 1 | 4 |
_aThe Cairo trilogy / _cNaguib Mahfouz ; translated by William Maynard Hutchins [and three others] ; with an introduction by Sabry Hafez. |
| 264 | 1 |
_aNew York : _bAlfred. Knopf, _c[2001] |
|
| 264 | 4 | _cc2001 | |
| 300 |
_axliii, 1313 pages ; _c21 cm. |
||
| 336 |
_2rdacontent _atext _btxt |
||
| 337 |
_2rdamedia _aunmediated _bn |
||
| 338 |
_2rdacarrier _avolume _bnc |
||
| 490 | 0 |
_aEveryman's library ; _v248 |
|
| 504 | _aIncludes bibliographical references. | ||
| 505 | 0 | _aPalace walk -- Palace of desire -- Sugar street. | |
| 546 | _aText in English ; translated from the original Arabic. | ||
| 586 | _aWinner of The Nobel Prize in Literature | ||
| 650 | _2BUEsh | ||
| 651 | 7 |
_92798 _aCairo (Egypt) _xFiction. _2BUEsh |
|
| 653 |
_cMay2011 _bARALIT |
||
| 655 |
_vReading book _934232 |
||
| 700 | 1 |
_aHutchins, William M., _etranslator. _924095 |
|
| 856 | 4 | 2 |
_3Contributor biographical information _uhttp://www.loc.gov/catdir/bios/random053/2001277061.html |
| 856 | 4 | 2 |
_3Publisher description _uhttp://www.loc.gov/catdir/description/random044/2001277061.html |
| 942 |
_2ddc _cBB |
||
| 999 |
_c15390 _d15390 |
||